[Event "FIDE-Wch k.o."]
[Site "Tripoli"]
[Date "2004.07.13"]
[Round "7.7"]
[White "Adams, Michael"]
[Black "Kasimdzhanov, Rustam"]
[Result "0-1"]
[WhiteElo "2731"]
[BlackElo "2652"]
[Annotator "Psakhis,L"]
[PlyCount "120"]
[EventDate "2004.06.19"]
[EventType "k.o."]
[EventRounds "7"]
[EventCountry "LBY"]
[SourceTitle "CBM 102"]
[Source "ChessBase"]
[SourceDate "2004.09.23"]
[SourceVersion "1"]
[SourceVersionDate "2004.09.23"]
[SourceQuality "1"]

1. e4 c5 2. Nf3 Nc6 3. Bb5 d6 4. O-O Bd7 5. Re1 Nf6 6. c3 a6 7. Ba4 b5 8. Bc2 {
The Sicilian has quickly transposed into a position of the Ruy Lopez type.} Rc8
{I don't like this move, Black is not developed enough to spend a tempo just
for nothing} ({After the more common move} 8... e5 {White may play prophylactic
} 9. h3 g6 10. d4 Bg7 11. Be3 cxd4 12. cxd4 exd4 13. Nxd4 O-O 14. Nc3 b4 15.
Nxc6 Bxc6 16. Nd5 Nxd5 17. exd5 Bb5 18. Rb1 Re8 $11 {1/2-1/2 Zhang Zhong-Xu
Jun/Shanghai Tan Chin Nam Cup 2001/ (49)}) (8... Bg4 {is also playable with
possible continuation} 9. d3 e6 10. Nbd2 Be7 11. h3 Bh5 12. Nf1 Nd7 13. Ng3 Bg6
14. d4 cxd4 15. Nxd4 Nxd4 16. cxd4 O-O 17. Nf5 Rc8 18. Bd3 exf5 19. exf5 Bg5
20. fxg6 hxg6 21. Bxg5 Qxg5 {1-0 Akopian,V-Moiseenko,A/Wch KO Tripoli 2004/ 
(66)}) 9. a4 {A logical play - White is trying to break before Black completes
his development. Yet, Black's position is quite solid.} g6 (9... e5 {was still
possible.}) 10. axb5 axb5 11. d4 cxd4 ({In the event of} 11... Bg4 12. dxc5
dxc5 13. Qe2 Qb6 14. Na3 c4 15. h3 $14) 12. cxd4 Bg4 $6 {One more delay with
development.} ({Better was} 12... Bg7) 13. Nc3 b4 (13... Bxf3 14. gxf3 b4 15.
Ba4 bxc3 16. d5 $36) 14. Ne2 $5 {A very interesting move.The knight goes
towards c6 and it's not easy to parry this positional threat!} ({But apart
from this move, Adams had another interesting continuation:} 14. Nd5 Bg7 (14...
Nxd5 15. exd5 Nb8 16. Ba4+ Bd7 (16... Nd7 17. h3 {[%csl Re8]}) 17. Qb3 $36 {
[%csl Rb4]}) 15. Ba4 (15. Bg5 $5) 15... O-O 16. Bxc6 Rxc6 17. Qa4 $14) 14...
Bg7 ({To} 14... d5 {White has the highly unpleasant} 15. Ne5 $1 Nxe5 16. dxe5
Nxe4 17. f3 Rxc2 18. Qxc2 Qb6+ 19. Nd4 Qxd4+ 20. Be3 Qc4 21. Ra8+ $18) 15. d5
Bxf3 ({After} 15... Ne5 16. Nxe5 dxe5 17. Ba4+ Bd7 18. Qd3 O-O 19. Bd2 $16 {
[%csl Rb4,Rg7]}) 16. gxf3 Ne5 17. Ba4+ {White plays very aggressively, hoping,
that this is the precisest way to punish black for his opening strategy.} Nfd7
18. Nd4 {[%csl Rc6][%cal Gf3f4]} O-O $5 19. f4 Nc4 20. Nc6 Rxc6 $1 {Best
chance!} (20... Qe8 {is too passive}) 21. dxc6 (21. Bxc6 Nxb2 22. Qe2 Nd3 $5)
21... Nc5 22. Qe2 ({Stronger was} 22. Qc2 {keeping control over the b3 square})
(22. e5 $5) 22... Nb6 23. Bb5 Nb3 24. Ra6 $6 (24. Ra7 {looks promising and
after} Nd4 25. Qd3 Qc8 26. Rb7 {the active rook together with the passed pawn
promise clear advantage for White.} Qg4+ $140 27. Qg3 $18) 24... Nd4 25. Qd3
Na8 $5 {[%cal Ga8c7]} (25... Qb8 26. Bd2) 26. Ra4 $6 {Facing such stubborn
defense, Adams loses his rate of attack.} (26. Ra7 $142 Nc7 27. Ba4 {[%csl Ga7,
Gc6]}) 26... Nc7 27. Rxb4 $6 {White is ready to give back the exchange.} ({
Perhaps after} 27. Bc4 $142 Nxc6 28. Rd1 $16 {[%csl Gd4]}) 27... Qb8 $5 ({
In case of} 27... Ncxb5 28. Rxb5 Nxb5 29. Qxb5 Qc7 30. Re2 $1 {[%csl Gb2,Gc6]
[%cal Ge2c2]} Rb8 31. Qc4 Qc8 32. f5 {White get advantage}) 28. Rxd4 Bxd4 29.
Qxd4 Qxb5 30. f5 (30. Qc3 Rc8 31. b4 Na6 32. Bb2 f6 $13) 30... Rc8 31. Bh6 {
It seems this plan doesn't promise much.} ({Worth considering} 31. f6 $5 exf6 (
31... Ne6 32. Qd5) 32. Qxf6 Qxc6 33. Bh6 Ne6 $14) 31... Ne8 32. e5 (32. Ra1
Qxc6 33. Ra7 $13) 32... Rxc6 33. exd6 Rxd6 $11 34. Qe5 Qxe5 35. Rxe5 Rd7 {
[%mdl 4096] The ending is absolutely equal but Kasimdzhanov had a significant
advantage on the clock.} 36. Rc5 (36. Rb5 $142 {[%csl Gb2]}) 36... f6 37. fxg6
hxg6 38. Be3 Rb7 39. Bd4 Kf7 $15 40. Kg2 Nd6 41. Bc3 e5 {[%csl Rb2,Ge5,Gf6,Gg6]
} 42. Ra5 {It seems that this natural move is innacurate.} (42. Rc6 $5) 42...
Nc4 43. Ra1 Rb6 (43... Nxb2 $2 44. Rb1) 44. b4 Nd6 45. Rb1 {There was no
necessity to put the rook in a passive position.} (45. Kf3 $5) 45... Ke6 46.
Bd2 f5 47. Be3 Rb7 48. Bc5 {the arisen endgame is not safe for White.} ({
Better is} 48. f3) 48... Ne4 49. Rd1 Rc7 50. Bb6 Rc6 51. Ba7 $6 {Another
unnacuracy in time troubles} (51. Ba5 $142 Rc2 52. Bb6 {and nothing forced is
seen yet.} Rb2 53. Bc5 g5 $36) 51... Ra6 52. Be3 ({After} 52. Bc5 Nxc5 53. bxc5
Rc6 54. Rc1 Kd5 $17 {White keeps some chances for the draw in the rook endgame.
}) 52... f4 $1 53. Bc1 $6 ({Maybe} 53. Bc5 $5 {was already lesser evil.}) 53...
Ra4 54. Re1 Kf5 55. Bb2 Rxb4 $19 56. Bxe5 $2 (56. Re2 Rb5) 56... f3+ $1 57.
Kxf3 Kxe5 58. Kg4 Kf6 59. f4 Nf2+ 60. Kg3 Nd3 {A glorious finish of the knight
march!} (60... Nd3 61. Rf1 Kf5 $19 {[%csl Rf4]}) 0-1

[Event "EU-ch 3rd"]
[Site "Batumi"]
[Date "2002.06.24"]
[Round "12"]
[White "Kallio, Heikki"]
[Black "Popov, Valerij"]
[Result "0-1"]
[WhiteElo "2502"]
[BlackElo "2575"]
[Annotator "Psakhis,L"]
[PlyCount "84"]
[EventDate "2002.06.12"]
[EventType "swiss"]
[EventRounds "13"]
[EventCountry "GEO"]
[SourceTitle "CBM 090"]
[Source "ChessBase"]
[SourceDate "2002.09.20"]
[SourceVersion "1"]
[SourceVersionDate "2002.09.20"]
[SourceQuality "1"]

1. e4 c5 2. Nf3 d6 3. Bb5+ Nd7 4. d4 Ngf6 5. Nc3 a6 6. Bxd7+ Nxd7 7. O-O e6 8.
Bg5 Qc7 9. d5 $1 {Quite new and strong move.White close position as much as
possible, minimizing black's chances for counterplay} ({White could use and
another plan} 9. dxc5 Nxc5 10. Re1 {with advantage in development and in space,
for example} f6 11. Bh4 Be7 12. Nd4 O-O 13. Qg4 Rf7 14. Kh1 Qb6 15. Rab1 Na4
16. Nce2 Bf8 17. f4 $14 {1-0 Rublevsky,S-Jobava,B/EUR-ch Ohrid 2001}) 9... e5
10. a4 h6 11. Bh4 b6 (11... g6 12. Nd2 Bg7 13. Nc4 Nb6 14. Ne3 O-O 15. a5 Nd7
16. Qd3 $14 {Topalov,V-Karjakin,S/FIDE GP Dubai 2002/ /1-0}) 12. Nd2 g6 13. Nc4
Bg7 14. Qd2 $6 $146 {Strangely enough, white don't pay attention to the
black's intention. He had to play} (14. Ra3 $142 $1 Rb8 15. Rb3 f6 16. Bg3 $36
{1/2-1/2 Lim Yee Weng-Kotsur,P/Asian Cities Aden 2002 with clear advantage})
14... Rb8 $1 15. f4 (15. Qe2 $142 $5 b5 $140 $2 16. axb5 axb5 17. Na3 b4 $2 18.
Ncb5 Qb6 19. Nc4 $1 $18) 15... b5 16. axb5 axb5 17. Nxe5 $6 {Aggresive move,
but much better was} (17. Na3 $5 Ba6 (17... c4 18. fxe5 Bxe5 19. Naxb5 $16 Rxb5
$140 20. Nxb5 Qc5+ 21. Qf2 $18) 18. Nc4 {and the best what Black can to do is
to play} Bc8 $11 ({because after dubious} 18... bxc4 $140 $6 19. Rxa6 Rxb2 20.
Ra8+ Rb8 21. Rxb8+ Nxb8 22. f5 {white's advantage is obvious})) 17... b4 $1 {
Even stronger than} (17... dxe5 18. d6 Qc6 19. Nd5 c4 (19... Qxd6 $2 20. Nf6+)
20. Be7) 18. Nc6 bxc3 19. bxc3 O-O (19... Rb2 $5) 20. Be7 Bb7 (20... Re8 21. f5
Ne5 {was also possible, but why to be so gready!?}) 21. Nxb8 Rxb8 22. f5 gxf5
$5 (22... f6 {[%csl Re7] was another promising option, for example} 23. fxg6
Re8 24. Ra7 Rxe7 25. Rb1 Nb6 $17 (25... Ne5 $5 26. Rbxb7 Qxb7 27. Rxb7 Rxb7))
23. Rxf5 ({After} 23. exf5 f6 {[%cal Gd7e5] White can't safe bishop}) 23... Re8
24. Bh4 Rxe4 25. Bg3 c4 26. Raf1 Ne5 27. Bxe5 (27. Kh1 $5) 27... Rxe5 28. Rxe5
(28. Rxf7 Qc5+ $19) 28... Bxe5 (28... dxe5 29. d6) 29. Qxh6 Qc5+ 30. Kh1 (30.
Rf2 $5) 30... Qxd5 31. Qg5+ Bg7 $19 {Rest is simple, two strong bishops keeps
all board under the control.} 32. Qxd5 Bxd5 33. Rd1 Be4 34. Rxd6 Bxc2 {[%csl
Gc2,Gc4,Gg7]} 35. Rd8+ Kh7 36. Rd7 Kg6 37. Rd6+ Kf5 38. h4 Bxc3 39. Rc6 Bd3 40.
h5 Bd4 41. h6 c3 42. Rd6 c2 0-1

[Event "Moscow Aeroflot op-A"]
[Site "Moscow"]
[Date "2003.02.13"]
[Round "3"]
[White "Svidler, Peter"]
[Black "Halkias, Stelios"]
[Result "1/2-1/2"]
[WhiteElo "2693"]
[BlackElo "2521"]
[Annotator "Psakhis,L"]
[PlyCount "93"]
[EventDate "2003.02.10"]
[EventType "swiss"]
[EventRounds "9"]
[EventCountry "RUS"]
[SourceTitle "CBM 094"]
[Source "ChessBase"]
[SourceDate "2003.05.26"]
[SourceVersion "1"]
[SourceVersionDate "2003.05.26"]
[SourceQuality "1"]

1. e4 c5 2. Nf3 Nc6 3. Bb5 {Almost everyone is trying to avoid Sveshnikov
variation.} d6 4. O-O Bd7 5. Re1 Nf6 6. c3 a6 7. Bf1 Bg4 8. d3 Bxf3 $5 {
Othercase, White will play 9.Nbd2 and 10.h3.} (8... g6 9. Nbd2 Bg7 10. h3 Bxf3
11. Nxf3 O-O 12. a3 Nd7 13. Rb1 b5 14. d4 c4 15. b3 cxb3 16. Qxb3 Nb6 17. d5
Na5 18. Qb4 Na4 19. Nd4 $36 {1-0 Malakhov,V-Degraeve,J/Koszalin op-A 1999 (39)}
) 9. Qxf3 g6 10. Nd2 Bg7 11. Qd1 Nd7 $146 {[%cal Gb7b4]} (11... O-O $5 12. Nf3
Ng4 13. a3 Rc8 14. Rb1 Nge5 15. Nxe5 Nxe5 16. Bg5 Qd7 17. Qd2 Rfe8 18. Rbc1 b5
19. h3 Nc6 20. Be3 d5 $13 {Grischuk,A-Radjabov,T/RUS vs. ROW Moscow 2002/The
Week in Chess 409/1-0 (46)}) 12. Nf3 {[%cal Gd3d4]} O-O 13. Be3 {Svidler
prepares d3-d4 - only possible plan foe White.} Qc7 (13... b5 14. d4) 14. d4 b5
15. Rc1 (15. a4 $5) 15... e5 16. Qd2 $14 {I think that White managed to get
small advantage, thanks to pawn centre and pair of bishops.} Rfe8 17. d5 $5 {
Would somebody believe that it was Sicilian defense?} Ne7 18. g3 $5 (18. c4 f5
$5) 18... Nf6 (18... f5 19. Ng5 $36) 19. Bg5 (19. Qc2 Ng4 20. Bd2 Bh6 $5) 19...
Nc8 20. b3 $5 {[%cal Ga2a4] Black's position is quite passive now, but for
White it is not easy also to make real progress.} Nb6 21. Qc2 h6 22. Be3 Ng4
23. Bd2 c4 24. Bh3 h5 $5 25. Ng5 {[%cal Gc2d1]} Bf6 26. Qd1 (26. Bf1 $5) 26...
Qe7 27. Nf3 Rec8 28. Qe2 {Worth considering} (28. Bf1 {[%cal Gh2h4,Gf1h3]})
28... Nd7 {[%cal Gd7c5,Gc5d3]} 29. Red1 (29. Bg2 Bg7 30. h3 Ngf6 31. Bg5) 29...
cxb3 {I don't like this move, it looks that it will be better for Black to
keep tension on the queen's side.} 30. axb3 Nc5 31. b4 (31. Rb1 $5 $14) 31...
Na4 32. Be1 ({It will be interesting to check} 32. Bg2 Bg7 (32... Nb2 33. h3
$16) 33. c4 $5 {with possible continuation} Nb2 $140 $6 34. Bg5 $1 f6 35. Qxb2
fxg5 36. c5 $5 dxc5 37. d6 Qa7 38. h3 Nh6 39. bxc5 Rxc5 40. Qa2+ Kh8 41. Rxc5
Qxc5 42. Qe6 $18) 32... Rc7 33. c4 bxc4 34. Rxc4 Rxc4 35. Qxc4 Nb2 $5 {Black
is trying to use some tactical devices.} 36. Qc6 Rb8 37. Rb1 Nd3 38. Qxa6 Nxe1
39. Nxe1 Bg5 40. b5 (40. Bxg4 hxg4 41. b5 f5 42. b6 Qb7 $5) 40... Nf6 $1 {
[%cal Gf6e4,Gf6d7] White needs to invest a very big effort to get something
real.} 41. Bg2 Nd7 42. Nd3 {[%cal Gd3b4]} (42. b6 Qd8 43. b7 Nc5 {[%csl Rb7]})
42... Nb6 43. Qa3 (43. Nb4 Qc7 44. Qa2 (44. Nc6 $4 Ra8 {[%csl Ra6]}) 44... Ra8
{[%csl Ga8,Gb6,Gg5]}) 43... Ra8 44. Qb2 Qc7 45. f4 exf4 46. gxf4 Qc4 $1 {
Amazingly, White has already lost winning chances.} 47. Qb3 (47. fxg5 Qxd3 $44)
(47. Qb3 Qd4+ 48. Kh1 Bh6 $44) 1/2-1/2

[Event "Dubai op 6th"]
[Site "Dubai"]
[Date "2004.04.20"]
[Round "2"]
[White "Prasad, Devaki V"]
[Black "Gashimov, Vugar"]
[Result "0-1"]
[WhiteElo "2397"]
[BlackElo "2565"]
[Annotator "Psakhis,L"]
[PlyCount "70"]
[EventDate "2004.04.19"]
[EventType "swiss"]
[EventRounds "9"]
[EventCountry "UAE"]
[SourceTitle "CBM 101"]
[Source "ChessBase"]
[SourceDate "2004.07.27"]
[SourceVersion "1"]
[SourceVersionDate "2004.07.27"]
[SourceQuality "1"]

1. e4 c5 2. Nf3 d6 3. Bb5+ Nd7 (3... Bd7 {Leads to quiet and almost equal game,
but Gashimov choose more complicated continuation.}) 4. d4 Ngf6 5. Nc3 a6 6.
Bxd7+ Nxd7 7. O-O e6 8. Bg5 f6 {Risky move!} ({Worse considering} 8... Be7 {
with possible continuation} 9. Bxe7 Qxe7 10. dxc5 dxc5 11. e5 O-O 12. Ne4 Rd8
13. Qc1 b5 14. h4 Bb7 15. Qe3 c4 16. Rfe1 Bxe4 17. Qxe4 Nc5 $11 {0-1 Popovic,
D-Kovacevic,A/SCG t-ch Petrovac 2004/ (43)}) (8... Qc7 9. d5 e5 10. a4 h6 11.
Bh4 g6 12. Nd2 Bg7 13. Nc4 Rb8 14. a5 b5 15. axb6 Nxb6 16. Na5 $36 {1-0 Kolev,
A-Melgosa,M/Dos Hermanas qual 2004 (53)}) 9. Be3 Be7 10. d5 (10. dxc5 dxc5 11.
a4 b6 {1/2-1/2 Baklan,V-Kempinski,R/EUR t-ch Leon 2001/ (11)}) (10. a4 O-O 11.
a5 cxd4 12. Nxd4 Ne5 13. b3 Nc6 14. Na4 Nxa5 15. Nxe6 Bxe6 16. Bb6 Qe8 17. Bxa5
f5 18. Nb6 Rb8 {1/2-1/2 Shabanov,Y-Litvinov,V/Elista Botvinnik mem-B 2002/ (26)
}) 10... e5 11. a4 $146 {According to my database, this natural move is a new
one.} (11. Ne2 O-O 12. Nd2 b5 13. a4 b4 14. a5 f5 15. exf5 Nf6 16. Nc4 Bxf5 17.
Ng3 Bg6 18. f4 exf4 19. Bxf4 h5 20. Ne3 Qd7 21. Nc4 Rae8 {0-1 Dovliatov,
S-Ibragimov,R/AZE-ch 1999 (33)}) (11. Nh4 g6 12. f4 exf4 13. Bxf4 O-O 14. Qg4
Ne5 15. Qg3 Rf7 16. Nd1 Rg7 17. Nf3 Nf7 18. Bd2 Bd7 19. Ne3 h5 20. Kh1 b5 21.
c3 Kh7 {0-1 Rogers,I-Sunye Neto,J/Luzern ol 1982 (49)}) 11... O-O 12. Nd2 b6 ({
White keeps small advantage after} 12... f5 $5 13. exf5 Rxf5 (13... Nf6 14. g4
$1) 14. Nde4 $14 {[%csl Ge4]}) 13. Nc4 Rb8 14. g3 {[%cal Gf2f4]} ({Black has
nothing to worry about after} 14. f4 exf4 15. Bxf4 Ne5 16. Ne3 b5 $1) 14... Re8
15. f4 {[%cal Gf4f5]} (15. g4 $5) 15... exf4 16. gxf4 (16. Bxf4 Ne5 {[%cal
Gc8h3]}) 16... f5 17. e5 Bf8 $6 {I don't like this passive move.} (17... dxe5
$142 18. Nxe5 (18. fxe5 b5 19. axb5 axb5) 18... Bb7 19. Qd3 Bf6 $36) 18. e6 Nf6
{[%csl Rd5]} 19. Bf2 (19. Kh1 Bb7 {[%csl Gb7]}) 19... Ng4 20. Qd3 Nxf2 21. Rxf2
g6 22. Ne2 (22. Kg2 $5 Bg7 23. Re2 Bd4 $13) 22... Bg7 23. c3 b5 $1 24. axb5
axb5 25. Ne3 b4 (25... Bb7 $5) 26. Rg2 {[%cal Ge3f5]} (26. Nc4 $5) 26... Kh8
27. Kh1 bxc3 28. bxc3 Qb6 29. h4 $1 {White's chances are better, thanks to a
superior pawn structure and and good chances for successful atack on the
king's side.} c4 (29... Qb2 30. Rag1 {[%cal Gh4h5]}) 30. Qd2 $6 ({A natural
development of the initiative can be achieved by} 30. Nxc4 $5 Ba6 31. h5 Qb5
32. Rxa6 Qxa6 33. hxg6 Rec8 34. Qh3 $36) 30... Bb7 31. h5 Ra8 32. Rag1 $2 (32.
Rd1 $1 Ra2 33. Qxa2 Qxe3 34. Qxc4 {[%csl Gd5]} Rxe6 35. Qc7 $1) (32. Rxa8 $5
Rxa8 33. hxg6) 32... Ra2 $1 33. Qxa2 Qxe3 34. Rg3 $2 {[%mdl 8192]} ({It is not
easy to assess positions arising after} 34. Rd1 $8 Rxe6 35. Qxc4 $14) 34...
Bxd5+ (34... Qxe6 $5) 35. Kh2 Qf2+ (35... Qf2+ 36. R1g2 (36. Kh3 Rxe6 $19)
36... Bxg2 37. Rxg2 Qh4+ 38. Kg1 Qe1+ 39. Kh2 d5 $19) 0-1

[Event "Moscow Aeroflot op-A"]
[Site "Moscow"]
[Date "2003.02.11"]
[Round "1"]
[White "Bologan, Viktor"]
[Black "Halkias, Stelios"]
[Result "1-0"]
[WhiteElo "2630"]
[BlackElo "2521"]
[Annotator "Psakhis,L"]
[PlyCount "91"]
[EventDate "2003.02.10"]
[EventType "swiss"]
[EventRounds "9"]
[EventCountry "RUS"]
[SourceTitle "CBM 094"]
[Source "ChessBase"]
[SourceDate "2003.05.26"]
[SourceVersion "1"]
[SourceVersionDate "2003.05.26"]
[SourceQuality "1"]

1. e4 c5 2. Nf3 Nc6 3. Bb5 d6 4. O-O Bd7 5. Re1 Nf6 6. c3 a6 7. Bf1 Bg4 8. d3
g6 {Two rounds later in the game against Svidler, Halkias choose 8...Bxf3.} 9.
Nbd2 Bh6 {Interesting idea, Black wants to exchange dark-coloured bishops.} ({
In the case of} 9... Bg7 10. h3 Bxf3 11. Nxf3 O-O 12. d4 cxd4 13. cxd4 Rc8 14.
Qb3 Rc7 15. Bf4 Nd7 16. Rad1 Qb8 17. h4 e5 18. dxe5 dxe5 19. Be3 $14 {1-0
Adams,M-Tiviakov,S/Wch Groningen 1997/CBM 63 (35) White keep small advantage.})
10. h3 Bxf3 11. Nxf3 Bxc1 12. Qxc1 (12. Rxc1 O-O 13. d4 e5 14. Qd2 Kg7 15. Bc4
Qe7 16. Bd5 Rac8 17. dxc5 dxc5 18. Rcd1 $14 {0-1 Brynell,S-Petursson,M/Malmo
1993 (31)}) 12... e5 (12... O-O 13. d4 e5 14. dxc5 dxc5 15. Qh6 Qe7 16. Ng5 Nd8
17. Bc4 Re8 18. a4 $36 {1/2-1/2 Kuczynski,R-Blehm,P/POL-ch Warsaw 2001/The
Week in Chess 333 (32)}) 13. Qh6 Nd7 14. Nd2 $146 {[%cal Gd2c4,Gc4e3]} (14. d4
Qf6 15. Rad1 exd4 16. cxd4 cxd4 17. Qd2 Rc8 18. Nxd4 Qxd4 19. Qxd4 Nxd4 20.
Rxd4 Ke7 21. Red1 Rc6 $11 {1/2-1/2 Van der Wiel,J-Petursson,M/Wijk aan Zee
1990 (32)}) 14... Qe7 {[%cal Ge7f8]} 15. Nc4 {Although the position is more or
less balanced, White seems to have the easier play.} b5 16. Ne3 Qf8 17. Qh4 Qe7
18. Qg3 O-O 19. Be2 (19. Nd5 Qd8 20. Be2 Nf6 $11) 19... Kh8 {[%cal Gf7f5]} 20.
f4 {Here Black should play very accurately in order not to get the worst
position.} f6 21. Rf1 (21. f5 $5) 21... Nb6 22. h4 Rad8 (22... exf4 23. Rxf4 (
23. Qxf4 f5 $5 24. exf5 Rae8) 23... d5 24. exd5 Nxd5 25. Nxd5 Qxe2 26. Raf1 $36
) 23. f5 g5 24. hxg5 fxg5 25. Rf2 Qg7 {Black rightly avoids opening game in
the center - after} (25... d5 26. exd5 Nxd5 27. Nxd5 Rxd5 28. Qe3 $14 {[%cal
Ge2f3] White's chances are better}) 26. Bd1 {[%cal Gd1b3]} Nd7 $1 {Black's
knight is running to important square f6.} (26... d5 27. exd5 Nxd5 28. Nxd5
Rxd5 29. Qe3 $14) 27. Bb3 Nf6 28. Nd5 ({Worth considering} 28. a4 c4 $140 $5
29. Bc2 $14) 28... Ne7 $1 (28... Nxd5 29. Bxd5 Ne7 30. Be6 Qf6 31. a4 $14) 29.
Ne3 (29. Nxe7 Qxe7 30. Qxg5 c4 31. dxc4 Rg8 32. Qe3 (32. Qh4 Rg4 33. Qh3 Qa7 $1
$132) 32... Ng4 33. Qg3 Nxf2 34. Qxf2 Rg4 $13) (29. Nc7 {[%cal Rc7e6]} Nxf5 30.
Rxf5 Qxc7 31. Raf1 Qg7 32. Rxg5 Qh6 33. Rgf5 c4 $1 $132) 29... c4 30. Bc2 d5 {
This is not a bad move, but maybe} (30... cxd3 $142 31. Bxd3 d5 $13 {could be
good alternative to the move in the game.}) 31. dxc4 $1 d4 (31... bxc4 32. Rd1)
32. Nd5 bxc4 33. Nc7 {[%cal Rc7e6]} Nxf5 {Looks natural, but deserves
attention and sharp} (33... Nh5 $5 34. Qh2 Nf4 $132) 34. Rxf5 (34. Qxe5 Ne3 35.
Ne6 Qe7 36. cxd4 Neg4) 34... Qxc7 35. cxd4 Qb6 (35... Rxd4 36. Raf1 $36) 36.
Qxe5 Rde8 37. Qc5 $1 Qxb2 $1 (37... Qxc5 38. dxc5 Ng4 39. Rxg5 Ne3 40. Rc1 $18)
38. Raf1 Qxc2 39. e5 Rc8 40. Qe7 (40. Rxf6 Rxc5 41. Rxf8+ Kg7 42. dxc5 Qe4 43.
R8f7+ Kg6 (43... Kg8 44. c6 $1 Qxc6 $140 $2 45. Rf8+ Kg7 46. R1f7+ $18) 44. c6
Qd4+ 45. R1f2 Qd1+ $11) 40... Rce8 $6 {Inaccuracy, interesting will be to
check with very complicated struggle.} (40... Qe4 41. exf6 Qxd4+ 42. R5f2 (42.
R1f2 Qd1+ $11) 42... Rg8 $8 43. Kh1 c3 $132) 41. exf6 $1 Rg8 $2 {Very often
one mistake follows another!} ({Halkias still could organise strong resistance
after} 41... Rxe7 $142 42. fxe7 Rxf5 43. e8=Q+ Kg7 {for example} 44. Qd7+ Kf6
$1 45. Qd6+ Kg7 46. Qe7+ Kh8 $1 $13) 42. Qd6 Rd8 43. Qe5 Rde8 44. Qg3 $1 $18 {
The smoke has cleared, and White manages to win game just in few moves.} Ref8
45. f7 Rg7 46. Qd6 1-0

[Event "Pula zt 1.2"]
[Site "Pula"]
[Date "2000.04.22"]
[Round "11"]
[White "Psakhis, Lev"]
[Black "Gallagher, Joseph G"]
[Result "1-0"]
[WhiteElo "2599"]
[BlackElo "2558"]
[Annotator "Psakhis,L"]
[PlyCount "69"]
[EventDate "2000.04.11"]
[EventType "swiss"]
[EventRounds "11"]
[EventCountry "CRO"]
[SourceTitle "CBM 077"]
[Source "ChessBase"]
[SourceDate "2000.07.27"]
[SourceVersion "1"]
[SourceVersionDate "2000.07.27"]
[SourceQuality "1"]

1. e4 c5 2. Nf3 d6 3. Bb5+ {After great dissapoitment in previous game (
versus Sutovsky) I was not ready for sharp variations} Nc6 {Surprise! Us usual
Gallagher choose or 3... Bd7, or 3... Nd7} 4. O-O Bd7 5. c3 Nf6 6. Re1 a6 7.
Ba4 b5 {Deserves attention} (7... c4 {but I think that move in the text is
enough for equality.}) 8. Bc2 e5 9. a4 Be7 10. Na3 (10. axb5 axb5 11. Rxa8 Qxa8
12. Na3 Qb7 {1/2-1/2 Ye Jiangchuan-Tiviakov,S/Beijing 1998 (12)}) 10... O-O 11.
d3 $146 (11. d4 exd4 12. cxd4 Nb4 13. Bb1 bxa4 14. e5 dxe5 15. dxe5 Nfd5 16.
Qe2 Bc6 17. Nc4 Rb8 18. Ra3 Qc7 19. Bxh7+ Kxh7 20. Ng5+ Bxg5 21. Rh3+ Bh6 22.
Bxh6 Rfe8 23. Bd2+ Kg8 24. Qh5 {1-0 Junior-Crafty/Internet 1995 (30)}) 11...
Rb8 12. axb5 axb5 13. h3 Qc7 (13... h6 $5 $11) 14. Bg5 h6 15. Bxf6 {I was
happy to exchange bishop, but} (15. Bh4 $5 {is not bad either}) 15... Bxf6 16.
Bb3 {[%csl Gb3][%cal Ga3c2,Gc2e3,Ge3g4]} Ne7 17. Nc2 Bc6 18. Ne3 {[%cal Ge3g4]}
g6 (18... c4 19. Ba2 $5 (19. dxc4 Bxe4 20. Nd2 Ba8 21. Ng4 Bg5)) 19. h4 Bg7 $2
{Serious mistake. After} (19... h5 $1 20. g4 $140 hxg4 21. Nxg4 Bg7 22. Ng5 c4
$5 {position is very complicated}) 20. h5 g5 {[%csl Rg7]} 21. Nd2 Kh8 {[%cal
Gf7f5]} 22. g4 $1 {[%cal Gd2f1,Gf1g3]} Qd7 23. Qf3 Bb7 24. Ndf1 d5 $2 $138 {
Last, already zeitnot mistake, but even after best} (24... Rbd8 $8 25. Ng3 d5
26. exd5 Bxd5 (26... Nxd5 27. Ra7 c4 28. dxc4 bxc4 29. Rxb7 Qxb7 30. Bxc4 $18)
27. Bxd5 Nxd5 28. Nef5 $36 {white's chances are better}) 25. Bxd5 $1 Nxd5 $6 (
25... Bxd5 $142 $1 26. exd5 Rbd8 (26... f5 27. gxf5 Nxf5 28. Qg4 Rbd8 29. Nxf5
Qxf5 30. Qxf5 Rxf5 31. Ne3 Rf4 32. Ra5 $18) 27. c4 f5 28. gxf5 Nxf5 29. Qg4 Nd4
30. Qxd7 Rxd7 $16) 26. exd5 b4 27. Ng3 {[%cal Gg3e4,Gg3f5]} (27. c4 e4 28. dxe4
Bxb2 29. Rab1 Be5 30. Nf5 Kh7 $16) 27... bxc3 28. bxc3 e4 (28... Rfd8 29. c4 $5
e4 30. Nxe4 Bxa1 31. Rxa1 $18) 29. dxe4 $1 Bxc3 30. Rac1 $18 Be5 (30... Bxe1
31. Qf6+ Kh7 32. Ngf5) 31. Ngf5 Rbc8 32. Nc4 Bf4 33. Nb6 Qc7 34. Nxc8 Bxc8 (
34... Bxc1 35. Qc3+ f6 36. Nce7 $18) 35. Qc3+ 1-0